Las novelas de María de Zayas, 1590-1650 : lo sobrenatural y lo oculto en la literatura femenina española del siglo XVII = The novels of María de Zayas, 1590-1650 : the supernatural and the occult in Spanish women's literature of the seventeenth century /

Bibliographic Details
Main Author: Matos-Nin, Ingrid E.
Format: Book
Language:Spanish
Published: Lewiston, N.Y. : Edwin Mellen Press, [2010]
Subjects:

MARC

Tag First Indicator Second Indicator Subfields
LEADER 00000cam a2200000 a 4500
001 in00002559913
005 20151201151839.0
008 100212s2010 nyu b 001 0 spa
010 |a  2010006078 
020 |a 9780773437180 
020 |a 0773437185 
035 |a (OCoLC)ocn521754094 
035 |a (OCoLC)521754094 
040 |a DLC  |c DLC  |d YDX  |d YDXCP  |d UtOrBLW 
043 |a e-sp--- 
049 |a TXAM 
050 0 0 |a PQ6498.Z5  |b Z775 2010 
082 0 0 |a 863/.3  |2 22 
100 1 |a Matos-Nin, Ingrid E. 
245 1 4 |a Las novelas de María de Zayas, 1590-1650 :  |b lo sobrenatural y lo oculto en la literatura femenina española del siglo XVII = The novels of María de Zayas, 1590-1650 : the supernatural and the occult in Spanish women's literature of the seventeenth century /  |c Ingrid E. Matos-Nin ; with a preface by Lydia H. Rodríguez. 
246 3 1 |a Novels of Maria de Zayas, 1590-1650 
264 1 |a Lewiston, N.Y. :  |b Edwin Mellen Press,  |c [2010] 
264 4 |c ©2010 
300 |a v, 154 pages ;  |c 24 cm. 
336 |a text  |b txt  |2 rdacontent 
337 |a unmediated  |b n  |2 rdamedia 
338 |a volume  |b nc  |2 rdacarrier 
504 |a Includes bibliographical references and index. 
600 1 0 |a Zayas y Sotomayor, María de,  |d 1590-1650  |x Themes, motives. 
650 0 |a Supernatural in literature. 
650 0 |a Man-woman relationships in literature. 
650 0 |a Women and literature  |z Spain  |x History  |y 17th century. 
938 |a YBP Library Services  |b YANK  |n 3173351 
945 |a PromptCat  |b 4648 
946 |a stk 
947 |a A14840241693 
994 |a 92  |b TXA 
948 |a Cataloged  |b h  |c 2010/6/17  |d c  |e ibarton  |  f 1:24:29 PM 
999 |a MARS 
999 f f |s c675fbc5-381a-3225-b407-68db7e2dfddf  |i db754ee0-40b1-37a4-8b53-3ec8b30d300c  |t 0 
952 f f |p ric  |a Texas A&M University  |b Rellis Campus  |c Joint Library Facility  |s JLF  |d Remote Storage  |t 0  |e PQ6498.Z5 Z775 2010  |h Library of Congress classification  |i unmediated -- volume  |m A14840241693 
998 f f |a PQ6498.Z5 Z775 2010  |t 0  |l Remote Storage